MARC

LEADER 00000nam0a2200000 4500
001 37130
005 20231031003551.0
035 |a (RuTPU)RU\TPU\book\37688 
090 |a 37130 
100 |a 20011224d1977 k y0rusy50 ca 
101 0 |a rus 
102 |a RU 
105 |a a z 001zy 
200 1 |a Оптические информационные системы роботов-манипуляторов  |f Г. П. Катыс  |g Под ред. Б. Н. Петрова 
210 |a Москва  |c Машиностроение  |d 1977 
215 |a 272 с.  |c ил. 
320 |a Библиогр.: с. 266-271. 
610 1 |a робототехника 
610 1 |a роботы 
610 1 |a манипуляторы 
610 1 |a информационные системы 
610 1 |a оптико-электронные системы 
610 1 |a обзорно-поисковые системы 
610 1 |a распознавание 
675 |a 62-52  |v 3 
700 1 |a Катыс  |b Г. П.  |g Георгий Петрович 
702 1 |a Петров  |b Б. Н.  |4 340 
801 1 |a RU  |b 63413507  |c 20011224  |g PSBO 
801 2 |a RU  |b 63413507  |c 20100120  |g PSBO 
942 |c BK